000 00851nam a2200241Ia 4500
005 20240530110935.0
008 140319s1970 xx 000 0 ara d
040 _aGCL /
_cGCL
082 0 4 _a411\
_bم ع
100 0 _aمحمود فهمى حجازى
245 1 0 _aعلم اللغة بين التراث والمناهج الحديثة /
_cمحمود فهمى حجازى
250 _aط.1
260 _aالقاهرة :
_bالهيئة المصرية العامة للتاليف والترجمة ،
_c1970
300 _a119 ص،
_b20 سم
490 0 _aالمكتبة الثقافية ؛
_v249
650 0 4 _aعلم اللغة
650 0 4 _aالاصوات
650 0 4 _aبناء الجملة
650 0 4 _aبناء الكلمة
650 0 4 _aالايستمولوجى
942 _2ddc
_cBK
999 _c66724
_d66724